Las Palabras del origen : (Registro nro. 10263)

Detalles MARC
000 -CABECERA
Longitud fija campo de control 00826nam a2200241 a 4500
003 - • IDENTIFICADOR DELl NÚMERO DE CONTROL
Identificador del número de control CO-ViMGA
008 - • CÓDIGOS DE INFORMACIÓN DE LONGITUD FIJA
Códigos de información de longitud fija 141112s2004 ck r 000 u spa d
020 ## - • NÚMERO INTERNACIONAL NORMALIZADO PARA LIBROS
Número Internacional Normalizado para Libros (ISBN) 9789587530155
040 ## - FUENTE DE LA CATALOGACIÓN
Centro catalogador de origen CO-ViMGA
Lengua de catalogación spa
Centro transcriptor CO-ViMGA
082 04 - • NÚMERO DE LA CLASIFICACIÓN DECIMAL DEWEY
Número de clasificación (R) 398.20986 U714p
100 1# - • PUNTO DE ACCESO PRINCIPAL-NOMBRE DE PERSONA
Nombre de persona Urbina RÁngel, Fernando
245 10 - • TITULO PROPIAMENTE DICHO
Título Las Palabras del origen :
Resto del título Breve compendio de la mitología de los Uitotos /
Mención de responsabilidad, etc. compilado por Fernando Urbina RÁngel
300 ## - • DESCRIPCIÓN FÍSICA
Extensión 256 p.
490 ## - • MENCIÓN DE SERIE
Mención de serie Biblioteca básica de los pueblos indigenas de Colombia; 4
650 14 - • PUNTO DE ACCESO ADICIONAL DE MATERIA - TÉRMINO DE MATERIA
Término de materia o nombre geográfico como elemento inicial Amazonas (Colombia) - Literatura
650 14 - • PUNTO DE ACCESO ADICIONAL DE MATERIA - TÉRMINO DE MATERIA
Término de materia o nombre geográfico como elemento inicial Identidad cultural
650 14 - • PUNTO DE ACCESO ADICIONAL DE MATERIA - TÉRMINO DE MATERIA
Término de materia o nombre geográfico como elemento inicial Indigenas - Mitología
650 14 - • PUNTO DE ACCESO ADICIONAL DE MATERIA - TÉRMINO DE MATERIA
Término de materia o nombre geográfico como elemento inicial Mitología Colombiana
650 14 - • PUNTO DE ACCESO ADICIONAL DE MATERIA - TÉRMINO DE MATERIA
Término de materia o nombre geográfico como elemento inicial Uitotos
942 ## - ENTRADA DE ELEMENTOS AGREGADOS (KOHA)
Fuente de clasificaión o esquema Dewey Decimal Classification
Koha [por defecto] tipo de item LIbro
Existencias
Perdido Fuente de clasificación o esquema Estado Físico No para préstamo Forma de adquisición Localización permanente Localización actual Fecha adquisición Serie de enumeración / cronolog&íacute;a Préstamos totales Signatura completa Código de barras Fecha última consulta Número de copia Fecha del precio de reemplazo Tipo de item de Koha Localización en estanterías
  Dewey Decimal Classification     Sala General Biblioteca Barrio Porfia - Villavicencio Biblioteca Barrio Porfia - Villavicencio 12/04/2015 04/feb/2011   398.20986 U714p 24060 12/04/2015 Ej. 3 12/04/2015 LIbro  
  Dewey Decimal Classification     Sala General Biblioteca Comunitaria - Villavicencio Biblioteca Comunitaria - Villavicencio 12/04/2015 04/feb/2011   398.20986 U714p 24059 12/04/2015 Ej. 2 12/04/2015 LIbro  
  Dewey Decimal Classification     Colección General Biblioteca Pública Acacias - Carlos María Hernández Rojas Biblioteca Pública Acacias - Carlos María Hernández Rojas 10/06/2025     398.21 P15 ACA02855 10/06/2025 Ej.1 10/06/2025 LIbro General
  Dewey Decimal Classification     Sala General Segundo Piso Biblioteca Pública Germán Arciniegas - Villavicencio Biblioteca Pública Germán Arciniegas - Villavicencio 12/04/2015 04/feb/2011   398.20986 U714p 24058 12/04/2015 Ej. 1 12/04/2015 LIbro  
  Dewey Decimal Classification     Colección General Biblioteca Pública Guamal Biblioteca Pública Guamal 10/24/2024     861.6 U71p GUA004367 10/24/2024 Ej.1 10/24/2024 LIbro General
  Dewey Decimal Classification       Biblioteca Pública La Macarena Biblioteca Pública La Macarena 03/03/2026     398.20986 U714p LM03379 03/03/2026 Ej.1 03/03/2026 LIbro Literatura









Instituto Departamental de Cultura del Meta - Red Departamental de Bibliotecas Públicas del Meta.